000 00803nam a22001695i 4500
001 170991
003 ES-MaACL
005 20230906214519.0
008 090421s1873 sp |||| | spa d
100 1 _aEscamilla, Pedro.
_9139872
245 1 4 _aUna hiena
_b: juguete en un acto y en verso /
_coriginal de Pedro Escamilla y José Olier.
260 _aMadrid :
_b[Carlos Calvacho],
_c1873 (
_fImp. de José Rodríguez)
300 _a28 p. ;
_c18 cm.
500 _aEn port.: Representado por primera vez con extraordinario éxito en el teatro Martín la noche del 18 de noviembre de 1873.
700 1 _aOlier, José.
_9130609
852 _aES-MaACL
_jF-8576(7)
_z.- Enc. pasta española
_q.- Falto de la cub. original
_z.- Enc. en un vol. facticio formando parta de la Col. "Teatro español moderno" vol. 29
999 _c170991
_d170991